<?xml version="1.0" encoding="UTF-8"?>
<collection xmlns="http://www.loc.gov/MARC21/slim">
 <record>
  <leader>00735cam a2200205 7i4500</leader>
  <controlfield tag="001">0000004335</controlfield>
  <controlfield tag="005">20171108090000.0</controlfield>
  <datafield tag="035" ind1="0" ind2="0">
   <subfield code="a">0085-39860</subfield>
  </datafield>
  <datafield tag="090" ind1="0" ind2="0">
   <subfield code="a">S 592.55 </subfield>
   <subfield code="b">.S53 1985</subfield>
  </datafield>
  <datafield tag="100" ind1="0" ind2="0">
   <subfield code="a">Shamshuddin Jusop </subfield>
  </datafield>
  <datafield tag="245" ind1="1" ind2="0">
   <subfield code="a">Panduan asas analisis minerologi dan mikromorfologi tanah  </subfield>
   <subfield code="c">Shamshuddin Jusop, Nik Mokhtar Nik Wan..</subfield>
  </datafield>
  <datafield tag="260" ind1="0" ind2="0">
   <subfield code="a">Kuala Lumpur: </subfield>
   <subfield code="b">Dewan Bahasa dan Pustaka, </subfield>
   <subfield code="c">1985..</subfield>
  </datafield>
  <datafield tag="300" ind1="#" ind2="#">
   <subfield code="a">96 p.: </subfield>
   <subfield code="b">ill.; </subfield>
   <subfield code="c">22 cm..</subfield>
  </datafield>
  <datafield tag="650" ind1="0" ind2="0">
   <subfield code="a">Soil mineralogy </subfield>
  </datafield>
  <datafield tag="650" ind1="0" ind2="0">
   <subfield code="a">Soil -- </subfield>
   <subfield code="x">Composition </subfield>
  </datafield>
  <datafield tag="650" ind1="0" ind2="0">
   <subfield code="a">Soil micromorphology </subfield>
  </datafield>
  <datafield tag="700" ind1="0" ind2="1">
   <subfield code="a">Nik Mokhtar Nik Wan(</subfield>
   <subfield code="d">1944-) </subfield>
  </datafield>
  <datafield tag="740" ind1="0" ind2="0">
   <subfield code="a">Minerologi dan mikromorfologi tanah</subfield>
  </datafield>
  <datafield tag="999" ind1=" " ind2=" ">
   <subfield code="a">1000394136</subfield>
   <subfield code="b">Book</subfield>
   <subfield code="c">Open Shelf</subfield>
   <subfield code="e">KOLEKSI TERBUKA</subfield>
  </datafield>
  <datafield tag="999" ind1=" " ind2=" ">
   <subfield code="a">1000394137</subfield>
   <subfield code="b">Book</subfield>
   <subfield code="c">Open Shelf</subfield>
   <subfield code="e">KOLEKSI TERBUKA</subfield>
  </datafield>
 </record>
</collection>
